000 00911nas a2200265 4500
001 BR7900044
003 BR-BrBNA
005 20231205083604.0
007 ta
008 230509b bl.|||p| |||| 00| 00por d
040 _aBR-BrBNA
_bpor
_cBiblioteca Nacional de Agricultura
041 _a(Pt)
072 _aE70
110 1 _aEmpresa de Pesquisa Agropecuaria de Minas Gerais, Belo Horizonte (Brasil)
245 1 _aInforme conjuntural agropecuario. Novembro de 1977 [comercializacao, Minas Gerais, Brasil]
650 _aCOMERCIALIZACAO
650 _aABASTECIMENTO
650 _aMERCADO
650 _aPRODUCAO VEGETAL
650 _aPRODUCAO ANIMAL
650 _aMAQUINA AGRICOLA
773 0 _tInforme Agropecuario - Empresa de Pesquisa Agropecuaria de Minas Gerais (Brazil)
_xISSN 0100-3364
_g(Jan 1978), v. 4(37) p. 31-38
_wBR7900044
909 _a202311
_bLúcia
_c55
_dLúcia Elande
942 _2AGRIS
_n0
_cANA
999 _c99877
_d99877